[Event "EU-Cup 18th"]
[Site "Kallithea"]
[Date "2002.09.23"]
[Round "2.4"]
[White "Timoshenko, Georgy"]
[Black "Malakhov, Vladimir"]
[Result "1-0"]
[WhiteElo "2528"]
[BlackElo "2668"]
[Annotator "Finkel,A"]
[PlyCount "65"]
[EventDate "2002.09.22"]
[EventType "team-swiss"]
[EventRounds "7"]
[EventCountry "GRE"]
[SourceTitle "CBM 092"]
[Source "ChessBase"]
[SourceDate "2003.02.06"]
[SourceVersion "1"]
[SourceVersionDate "2003.02.06"]
[SourceQuality "1"]
[WhiteTeam "Donetsk"]
[BlackTeam "Norilsk Nikel"]
[WhiteTeamCountry "UKR"]
[BlackTeamCountry "RUS"]

1. e4 c5 2. Nf3 g6 3. d4 Bg7 4. d5 Nf6 5. Nc3 O-O 6. e5 $5 (6. Be2 d6 (6... b5
7. e5 Ng4 8. Bf4 (8. d6 $5 Nxe5 9. O-O e6 10. Nxb5 Nbc6 11. Nxe5 Bxe5 12. c3
Qb6 13. Bh6 Bg7 14. Be3 $14 {Purtov,A-Barbero,G/M.Boleslav op/1994}) 8... b4 (
8... d6 9. exd6 exd6 10. Nxb5 Bxb2 11. Rb1 Bg7 12. Bxd6 a6 13. Bxf8 Kxf8 14.
Na7 $1 $16 {Arkell,K-Oll,L/London Lloyds/1994}) 9. Ne4 Qc7 (9... f6 10. d6 $5 (
10. exf6 Nxf6 11. Nxc5 Qa5 12. Be3 Na6 13. Nxa6 Bxa6 14. d6 e6 $44 {
Vilkov-Sumaneev/Briansk RUS-chT/1995}) 10... e6 11. O-O Nc6 12. Nxc5 fxe5 13.
Bg5 Nf6 14. a3 Qb6 15. Be3 $14 {Maherramzade,J-Kumaran,D/WchJM-U20 Halle}) 10.
d6 exd6 11. Nf6+ Nxf6 12. exf6 Bxf6 13. Bxd6 Qc6 14. Bxf8 Kxf8 $13 {Khomyakov,
V-Petrakov/Moscow op/1994}) 7. O-O $14) 6... Ne8 {Too passive. Leaving the
centre unchallenged for just one move gives white a chance to launch a
dangerous king-side attack.} (6... Ng4 7. Bf4 d6 8. exd6 exd6 9. Be2 Qb6 (9...
Na6 10. O-O Nc7 11. a4 a6 12. Ne4 Nf6 $11 {Pribyl,J-Mascarinas,R/Schellenberg
op/1991}) 10. Rb1 Nd7 11. O-O Nge5 12. Nd2 f5 13. h3 Qd8 14. Nb5 Nb6 15. Nf3
Nxf3+ 16. Bxf3 Nc4 $13 {Yermolinsky,A-Yudasin,L/URS-FL Kuibishev/1986}) 7. h4
$5 {Aiming to open an h-file.} (7. d6 Nc6 8. Bg5 f6 9. exf6 Nxf6 10. Bc4+ e6
11. O-O b6 12. Re1 Bb7 13. Nb5 Rc8 $13 {Djuric,S-Chatalbashev,B/Jesolo 1999})
7... d6 8. h5 (8. e6 $5 fxe6 9. h5 $44 exd5 10. hxg6 hxg6 11. Qxd5+ e6 12. Qd3
(12. Qe4 Rf5 13. Qg4 Bxc3+ 14. bxc3 Qf6 15. Bd3 Qxc3+ 16. Ke2 Qg7 17. Bxf5 gxf5
18. Qh4 Nc6 19. Bh6 Qg4 20. Rh3 Qxh4 21. Rxh4 e5 22. Rah1 f4 23. g3 fxg3 24.
Rg1 Kf7 25. Rxg3 Bf5 26. c3 Nd8 27. Ng5+ Ke7 28. Rf3 Bb1 29. a3 Nc7 30. Bf8+
Kd7 31. Rh6 Ne8 32. Nh7 Kc6 33. Ng5 Kc7 34. Kd2 Ba2 35. Rd3 Bc4 36. Bxd6+ Kd7
37. Bxe5+ Bxd3 38. Kxd3 Nc6 39. Rh7+ Ne7 40. f4 Rd8 41. Ke4 Rc8 42. f5 Rc6 43.
Ne6 Nd6+ 44. Bxd6 Kxd6 45. Nd8 Rc7 46. f6 Nd5 47. Nxb7+ Ke6 48. Rxc7 Nxc7 49.
Nxc5+ Kxf6 50. c4 a6 51. Kd4 Kf5 52. a4 Kf6 53. a5 Kf5 54. Nb3 Ke6 55. Kc5 Kd7
56. Kb6 Kd6 57. Kb7 Ne6 58. Kb6 Nc7 59. Nd4 Ne8 60. Nb5+ axb5 61. cxb5 Nc7 62.
a6 Nxb5 63. Kxb5 Kc7 {1/2-1/2 Svidler,P-Malakhov,V/Elista 1997/CBM 59 (63)})
12... Rf5 13. Nh4 Nc6 14. Nxf5 gxf5 15. Bh6 $16 {[%csl Rg8] Yermolinsky,
A-Khmelnitsky,I/Modesto 1995}) (8. Bf4 Nd7 $36) 8... dxe5 9. hxg6 hxg6 10. Bh6
Bxh6 11. Rxh6 Kg7 12. Qd2 Nd6 ({Black faces some problems also after} 12... Nf6
13. Nxe5 Nbd7 14. Nxd7 Bxd7 15. O-O-O Qc7 16. Bc4 Rh8 17. Rdh1 b6 18. Rxh8 Rxh8
19. Rxh8 Kxh8 20. Qh6+ $14 {Gasanov,E-Zubarev,A/Alushta 2000}) 13. Nxe5 Nd7 14.
Nc4 Nf6 $6 {Leaving control over the h-file in white's hands. However also
after} (14... Rh8 $5 15. Rxh8 Qxh8 16. Nxd6 exd6 17. O-O-O Nf6 18. Qf4 $14 {
[%csl Rd6][%cal Gc3b5] it's not that simple for black to defend.}) 15. O-O-O
Bd7 (15... Nde4 $6 16. Nxe4 Nxe4 17. Qf4 Nxf2 18. Qh4 Ng4 19. Rh7+ Kg8 20. d6
$18) (15... Rh8 $5) 16. Bd3 Nxc4 17. Bxc4 Rh8 18. Rdh1 $16 {Black is deprived
of any counterplay.} Qb6 19. Qg5 Qd6 20. Bd3 $1 {[%csl Rg6] Forcing black to
play Ng4 permitting white knight to join the action via e4.} (20. f3) 20... Ng4
21. Rxh8 Rxh8 22. Rxh8 Kxh8 23. Ne4 Qh2 (23... Qe5 24. Qxe5+ Nxe5 25. Nxc5
Nxd3+ 26. Nxd3 Bf5 27. Ne5 Kg7 28. c4 $16) 24. Qxe7 $18 Qf4+ 25. Kb1 Kg7 (25...
c4 26. Bxc4 Ne5 27. Qf6+ Qxf6 28. Nxf6 $18) 26. Qxc5 Qh2 27. a3 Qxg2 28. Qxa7
Bf5 29. Qd4+ f6 30. d6 Ne5 31. Nxf6 Be6 32. Ne8+ Kf7 33. b3 1-0

[Event "EU-Cup 18th"]
[Site "Kallithea"]
[Date "2002.09.25"]
[Round "4.1"]
[White "Romanishin, Oleg M"]
[Black "Eingorn, Vereslav S"]
[Result "1/2-1/2"]
[WhiteElo "2559"]
[BlackElo "2604"]
[Annotator "Finkel,A"]
[PlyCount "94"]
[EventDate "2002.09.22"]
[EventType "team-swiss"]
[EventRounds "7"]
[EventCountry "GRE"]
[SourceTitle "CBM 092"]
[Source "ChessBase"]
[SourceDate "2003.02.06"]
[SourceVersion "1"]
[SourceVersionDate "2003.02.06"]
[SourceQuality "1"]
[WhiteTeam "Karpaty"]
[BlackTeam "Donetsk"]
[WhiteTeamCountry "UKR"]
[BlackTeamCountry "UKR"]

1. d4 Nf6 2. Nf3 c5 3. d5 d6 4. Nc3 g6 5. e4 Bg7 6. Bb5+ Bd7 7. a4 O-O 8. O-O
Bxb5 $5 {Not very popular continuation. Most common here is 8...e6} (8... e6 9.
Bxd7 Qxd7 10. dxe6 fxe6 11. e5 dxe5 12. Nxe5 Qxd1 13. Rxd1 Nd5 14. Nxd5 Bxe5
15. Ne3 Nc6 16. c3 Rad8 17. Re1 Na5 18. Ng4 Bf4 19. Bxf4 Rxf4 20. f3 $14 {
Giaccio-Malbran/Buenos-Aires 1999}) 9. axb5 Nbd7 10. Qe2 Nb6 (10... Ne8 11. Bf4
(11. Nd2 Nc7 12. Nc4 a6 13. bxa6 Rxa6 14. Bg5 Nb6 15. Rxa6 Nxa6 16. Bxe7 Qxe7
17. Nxb6 Re8 18. Re1 Nc7 19. g3 $16 {Bellon Lopez,J -Borgo,G/1997}) 11... Nc7
12. Rfe1 (12. Rfd1 a6 13. bxa6 Nxa6 14. e5 {[%cal Ge5d6]} dxe5 15. Nxe5 Nxe5
16. Bxe5 Bxe5 17. Qxe5 Qd6 $1 $11 {Kramnik,V-Leko,P/Linares 2000}) 12... Ne5
13. Nxe5 Bxe5 14. Bxe5 dxe5 15. Na4 Qd6 16. c4 b6 17. Nc3 a6 18. bxa6 Nxa6 $11
{Rytshagov,M-Gonzalez Garcia,J/Istanbul 2000}) 11. Rd1 (11. Bg5 h6 12. Bh4 g5
13. Bg3 Nh5 14. Rfe1 Nxg3 15. hxg3 Qd7 16. Rad1 Qg4 17. Qd3 a6 $13 {Boensch,
U-Gutierrez,J/Cienfuegos 1979}) 11... Nfd7 12. Bf4 ({Very serious attention
deserved} 12. Ra3 $5 {depriving black a possibility to take on c3.}) 12... Bxc3
$5 13. bxc3 f6 14. Ra3 a6 15. bxa6 Rxa6 16. Rxa6 bxa6 17. Bh6 (17. Ra1 a5 $5
$13) 17... Re8 18. Qxa6 {White is a pawn up, however the position is closed
and white double pawns over the c-file are hardly a significant advantage.} Qa8
19. Qe2 (19. Ra1 Qxa6 20. Rxa6 Ra8 21. Rxa8+ Nxa8 22. h4 $14) 19... Qa4 20. h4
Nc4 21. Rb1 (21. Bc1 Rb8 22. Nh2 Rb1 $132) 21... Nce5 22. Nxe5 (22. Ne1 Nf7 23.
Bd2 e6 24. dxe6 Rxe6 25. c4 f5 $13) 22... Nxe5 23. Bf4 Qc4 24. Qe3 (24. Qxc4
Nxc4 25. Ra1 Rb8 26. Ra4 Nb6 27. Ra7 Kf8 $11) 24... Nf7 $1 {Not letting white
to take on e5 damaging black's pawn structure.} 25. Qd3 Qa4 26. Rb7 Kg7 27. c4
Qa8 28. Rb5 (28. Qb3 Qa1+ 29. Kh2 Qd4 30. f3 Ne5 $13) 28... Qa1+ 29. Kh2 Ne5
30. Bxe5 Qxe5+ 31. g3 g5 $5 32. Qe2 (32. hxg5 fxg5 33. c3 Rf8 34. Kg2 Qf6 35.
Rb2 h5 $11) 32... h5 33. Rb3 Rh8 34. Kg2 g4 35. f4 gxf3+ 36. Rxf3 Rh6 37. c3 (
37. Rf5 Qd4 38. Rxh5 Rxh5 39. Qxh5 Qxe4+ 40. Kf2 Qd4+ $11) 37... Rg6 38. Qe3
Rg4 39. Rf4 f5 $5 (39... Qxf4 40. Qxf4 Rxf4 41. gxf4 Kf8 42. Kf2 Ke8 $11) 40.
Rxf5 Qxe4+ 41. Qxe4 Rxe4 42. Rxh5 Rxc4 43. Rg5+ Kh6 44. g4 Rxc3 45. Rh5+ Kg6
46. Rg5+ Kh6 47. Rh5+ Kg6 1/2-1/2

[Event "RUS-ch 56th"]
[Site "Krasnoyarsk"]
[Date "2003.09.10"]
[Round "7"]
[White "Sorokin, Maxim"]
[Black "Evdokimov, Alexander A"]
[Result "1-0"]
[WhiteElo "2560"]
[BlackElo "2432"]
[Annotator "Finkel,A"]
[PlyCount "49"]
[EventDate "2003.09.03"]
[EventType "swiss"]
[EventRounds "9"]
[EventCountry "RUS"]
[SourceTitle "CBM 098"]
[Source "ChessBase"]
[SourceDate "2004.02.03"]
[SourceVersion "1"]
[SourceVersionDate "2004.02.03"]
[SourceQuality "1"]

1. d4 Nf6 2. Nf3 c5 3. d5 g6 4. Nc3 Bg7 5. e4 O-O 6. e5 Ne8 {Too passive.
Leaving the centre unchallenged for just one move gives White a chance to
launch a dangerous King-side attack} (6... Ng4 7. Bf4 d6 8. exd6 exd6 9. Be2
Qb6 (9... Na6 {Stohl} 10. O-O Nc7 11. a4 a6 12. Ne4 Nf6 $13 {Pribyl,
J-Mascarinas,R/Schellenberg op/1991}) 10. Rb1 Nd7 11. O-O Nge5 12. Nd2 f5 13.
h3 Qd8 14. Nb5 Nb6 15. Nf3 Nxf3+ 16. Bxf3 Nc4 $132 {Yermolinsky,A-Yudasin,L/
URS-FL Kuibishev/1986}) 7. h4 d6 8. e6 {Typical sacrifice for this kind of
positions.White's idea is to weaken square g6, which could be crucial after h5.
} (8. h5 $5 Bg4 $5 (8... dxe5 $6 9. hxg6 hxg6 10. Bh6 Bxh6 11. Rxh6 Kg7 12. Qd2
Nd6 13. Nxe5 Nd7 14. Nc4 $36 {Timoshenko,G-Malakhov,V/Halkidiki 2002}) 9. hxg6
fxg6 10. Bh6 Nd7 11. Bxg7 Nxg7 12. exd6 $6 exd6 13. Be2 Qf6 $15 {Bocharov,
D-Evdokimov,A/Serpukhov 2003}) (8. Bf4 Nd7 $36) 8... fxe6 9. h5 gxh5 (9... exd5
10. hxg6 hxg6 11. Qxd5+ e6 12. Qe4 (12. Qd3 Rf5 13. Nh4 Nc6 (13... Rh5 $2 14.
Qxg6 $18) 14. Nxf5 gxf5 15. Bh6 $16 {Yermolinsky-Khmelnitsky, Modesto, 1995})
12... Rf5 13. Qg4 Bxc3+ 14. bxc3 Qf6 15. Bd3 $40 {Svidler,P-Malakhov,V/Elista
1997}) (9... Nc7 10. Bd3 Qe8 11. Ng5 Bd4 12. Be3 exd5 13. Nxh7 Bf5 14. Nxf8
Bxc3+ 15. bxc3 Qxf8 16. hxg6 $18 {Chatalbashev,B-Artizzu,G/Padova 2000}) 10.
dxe6 {Thus far white tried only 10.Ng5, but move in the game has a full right
to exist.} (10. Ng5 Nf6 (10... exd5 11. Nxh7 Kxh7 12. Qxh5+ Kg8 13. Qh7+ Kf7
14. Bd3 Rg8 15. Nxd5 e6 16. Qh5+ Kf8 $13 {De Vreugt,D-Malakhov,V/Lausanne 2000}
) 11. dxe6 d5 12. Bd3 Qd6 13. Qe2 h6 14. Nf7 Qxe6 15. Nxh6+ Kh8 16. Qxe6 Bxe6
$132 {Mateuta,G-Veneteanu,I/Bucharest 1998}) (10. Rxh5 Nf6 $15) 10... Bxe6 $6 {
This move doesn't look good. More in the spirit of the position is} (10... Nf6
11. Ng5 (11. Bc4 Nc6 12. Nd5 Nxd5 13. Qxd5 Qe8 14. c3 Rf6 $13) 11... d5 {
with complicated struggle.}) 11. Ng5 Bf5 $2 {If black's previous move was
inaccuracy, this one is decisive mistake after which nothing can save black
against white;s attack over an h-file.} (11... Qd7 12. Qxh5 Nf6 13. Qh4 Bf5 14.
Be3 Nc6 15. O-O-O $36) 12. Bc4+ e6 13. Nxe6 Bxe6 14. Bxe6+ Kh8 15. Qxh5 {
[%csl Rh8]} Nf6 $6 ({More persistant was} 15... Bxc3+ $5 16. bxc3 Qe7 17. Be3
Nf6 18. Qh3 Nc6 $16) 16. Qh3 Nbd7 17. Be3 Re8 18. O-O-O $18 {[%cal Gg2g5]} Nf8
19. Bf5 b5 20. g4 b4 21. Na4 Rxe3 22. fxe3 Qe8 23. g5 Ng4 24. Qxg4 Qxa4 25.
Bxh7 1-0

[Event "EU-Cup 19th"]
[Site "Rethymno"]
[Date "2003.09.29"]
[Round "2.1"]
[White "Acs, Peter"]
[Black "Ivanchuk, Vassily"]
[Result "1/2-1/2"]
[WhiteElo "2606"]
[BlackElo "2710"]
[Annotator "Finkel,A"]
[PlyCount "125"]
[EventDate "2003.09.28"]
[EventType "team-swiss"]
[EventRounds "7"]
[EventCountry "GRE"]
[SourceTitle "CBM 098"]
[Source "ChessBase"]
[SourceDate "2004.02.03"]
[SourceVersion "1"]
[SourceVersionDate "2004.02.03"]
[SourceQuality "1"]
[WhiteTeam "Grodzisk"]
[BlackTeam "Warsaw Polonia"]
[WhiteTeamCountry "POL"]
[BlackTeamCountry "POL"]

1. e4 d6 2. d4 Nf6 3. Nc3 g6 4. f4 Bg7 5. Nf3 c5 6. d5 O-O 7. Bd3 Qb6 {
Kortschnoj: 'A theoretical move here is 7...Na6. With his move black forces
the opponent to put his knight f3 to c4: the matters do not change much -
white retains his opening advantage.'} (7... Na6) 8. Nd2 (8. a4 Bg4 9. a5 Qc7
10. O-O e5 11. fxe5 dxe5 12. h3 Bd7 13. Qe1 Ne8 14. Qh4 f6 $13 {Ezhov,I-Kosov,
A/St Petersburg 1999}) 8... Bg4 (8... e6 9. Nc4 Qd8 10. Ne3 exd5 11. exd5 Na6
12. O-O Re8 13. Kh1 Bd7 14. Qf3 Nb4 {Dancevski,O-Kortschnoj,V/Ohrid 2001}) 9.
Be2 Bxe2 10. Qxe2 Nbd7 11. O-O Qa6 $6 {Ivanchuk bellieves in himself, so he is
ready to play worse position in which he may get chances to sieze the
initiative.} (11... Qc7 $6 12. Nc4 Nb6 13. Ne3 $14) (11... e6 $5 12. Nc4 Qa6
13. dxe6 (13. a4 exd5 14. exd5 Rae8 15. Qd3 Nb6 16. Nxb6 Qxd3 17. cxd3 axb6 $11
) 13... fxe6 14. Qd3 Ne8 15. a4 Bd4+ 16. Be3 Bxe3+ 17. Nxe3 Qxd3 18. cxd3 $11)
12. Qxa6 bxa6 13. Nc4 Rab8 14. Re1 Nb6 15. Na5 Rfe8 16. Bd2 e6 17. dxe6 Rxe6 (
17... fxe6 18. e5 dxe5 19. Nc6 Rbc8 20. Nxe5 Nfd7 21. Nxd7 Nxd7 22. Rad1 $14)
18. f5 $5 {The most crucial and ambitious coninuation.} (18. Kf2 Rbe8 19. Kf3
d5 20. exd5 Nfxd5 21. Rxe6 Rxe6 22. Nxd5 Nxd5 23. c3 $14) 18... Ree8 19. Bf4
Ng4 20. Bxd6 Rbd8 21. Bf4 ({Also after} 21. Bxc5 Rc8 22. Bf2 Nxf2 23. Kxf2 Bxc3
24. bxc3 Rxc3 25. Rac1 Re5 26. Nb3 gxf5 27. exf5 Rxf5+ 28. Kg1 $13 {black is
out of danger.}) 21... g5 $1 {[%csl Rh2] Showing that even without the queens
the position contains unlimted tactical possibilities.} 22. Bxg5 (22. h3 gxf4
23. hxg4 Rd2 24. Rac1 Bd4+ 25. Kh1 Be3 $44) 22... Bd4+ 23. Kf1 Nxh2+ 24. Ke2
Bxc3 25. bxc3 f6 $1 (25... Rxe4+ 26. Kf2 Rde8 27. Rxe4 Rxe4 28. Nb7 $14) 26.
Kf2 $1 (26. Bxf6 $2 {[%csl Rf6]} Rxe4+ 27. Kf2 Ng4+ 28. Kf3 Rxe1 29. Kxg4 Rxa1
30. Bxd8 Rxa2 $19) 26... fxg5 27. Kg3 Nf1+ 28. Rxf1 Rxe4 $11 29. Nb7 Rd5 (29...
Rd2 30. Rae1 (30. Nxc5 $6 Rc4 31. Ne6 Rxc3+ 32. Rf3 Rcxc2 33. Rg1 h6 $15) 30...
Rxe1 31. Rxe1 Rxc2 32. Re7 Rxc3+ 33. Kg4 $44 {[%csl Rg8]}) 30. Rad1 h5 31. f6
Rg4+ $6 (31... Re3+ 32. Kh2 Rxd1 33. Rxd1 Rxc3 34. Nd8 $1 $44) 32. Kh2 Rf4 33.
Rxf4 gxf4 34. Rxd5 Nxd5 35. c4 Nc3 36. Nxc5 Nxa2 37. Nxa6 Kf7 38. Kh3 Kxf6 39.
Kh4 Kg6 (39... Ke5 $2 40. Kxh5 Nc3 (40... Kd6 41. Kg5 Kc6 42. Kxf4 Kb6 43. g4
Kxa6 44. g5 $18) 41. c5 Nd5 42. Kg5 $16) 40. c5 Nc3 41. c6 Nd5 42. c7 Ne7 43.
c3 (43. Nb4 Nc8 44. Nc6 Kh6 45. c4 Kg6 46. c5 Kf6 47. Kxh5 Ke6 48. Kg4 Kd5 49.
Nxa7 Nxa7 50. Kxf4 Kxc5 51. g4 Kd6 52. g5 Kxc7 53. g6 Nc6 $11) (43. c4 $5)
43... Nf5+ 44. Kh3 Ne7 45. c4 Kg5 46. Nb4 Nc8 47. c5 a5 $11 48. Nd5 a4 49. Nb6
a3 50. Nxc8 a2 51. Nd6 a1=Q 52. Kh2 Qe1 53. Ne4+ Qxe4 54. c8=Q Qe5 55. Qd8+ Kf5
56. Qf8+ Ke6 57. Qe8+ Kd5 58. Qxe5+ Kxe5 59. Kh3 Kd5 60. Kh4 Kxc5 61. Kg5 h4
62. Kxf4 h3 63. gxh3 1/2-1/2

[Event "RUS Cup final 6th"]
[Site "Nefteyugansk"]
[Date "2002.10.12"]
[Round "9"]
[White "Skatchkov, Pavel"]
[Black "Popov, Valerij"]
[Result "0-1"]
[WhiteElo "2471"]
[BlackElo "2568"]
[Annotator "Finkel,A"]
[PlyCount "108"]
[EventDate "2002.10.06"]
[EventType "tourn"]
[EventRounds "11"]
[EventCountry "RUS"]
[EventCategory "11"]
[SourceTitle "CBM 092"]
[Source "ChessBase"]
[SourceDate "2003.02.06"]
[SourceVersion "1"]
[SourceVersionDate "2003.02.06"]
[SourceQuality "1"]

1. d4 Nf6 2. Nf3 c5 3. d5 g6 4. Nc3 Bg7 5. e4 O-O 6. Bc4 (6. Be2 d6 (6... b5 7.
e5 Ng4 8. Bf4 b4 9. Ne4 Qb6 (9... f6 10. exf6 Nxf6 11. Ng3 (11. Nxc5 Qa5 12.
Be3 Na6 13. Nxa6 Bxa6 14. d6 e6 15. O-O Nd5 16. Bd4 Bxd4 17. Nxd4 Qb6 18. a3
Bxe2 19. Nxe2 a5 20. axb4 axb4 21. Qd4 Qxd6 22. c4 bxc3 23. Nxc3 Qb4 24. Qxb4
Nxb4 $10 {Vilkov-Sumaneev/Briansk RUS-chT/1995/}) 11... Bb7 12. Bc4 e6 13. dxe6
d5 14. Qe2 Qe7 15. O-O-O $5 dxc4 16. Bd6 Qe8 17. Qxc4 Bxf3 18. gxf3 Nc6 19.
Bxf8 Qxf8 20. Rhe1 Kh8 21. e7 Nxe7 22. Qxc5 Neg8 23. Qxf8 Bxf8 24. Ne4 $13 {
Fominych,A-Mololkin,V/Pardubice op/1994/}) (9... d6 10. exd6 exd6 11. O-O Bxb2
12. Rb1 Bg7 13. Bxd6 Re8 14. Nfd2 Nf6 15. Nxf6+ Bxf6 16. Bxc5 a5 17. Bb5 Bd7
18. Bd3 Na6 19. Be3 Nc7 20. Qf3 Bg7 21. Nc4 Bb5 22. d6 $1 $16 {Ehlvest,
J-Khmelnitsky,I/New York op/1992/}) 10. h3 Nh6 11. Qd2 Nf5 12. g4 Nd4 13. Nxd4
cxd4 14. O-O-O a5 15. Bh6 $6 Bxe5 16. Bxf8 Kxf8 17. f4 Bg7 18. f5 Bb7 19. Bc4
d6 20. h4 Nd7 21. fxg6 hxg6 22. h5 Ne5 $36 {Garcia Ilundain,D-Leko,P/Leon/1993/
}) 7. O-O Na6 $14) (6. a4 Na6 $5 7. Be2 Nb4 8. O-O e6 9. d6 b6 10. Re1 Bb7 11.
Bc4 Nc6 12. h3 Ne8 13. Bg5 f6 14. Bh4 Qb8 15. Bg3 Kh8 16. Qd3 e5 17. Rad1 Nd4
18. Nb5 Nxd6 19. Nfxd4 cxd4 20. Nxd6 Qxd6 21. c3 f5 22. Qxd4 Qxd4 23. cxd4 exd4
24. exf5 Rxf5 $132 {Ftacnik,L-Ostos,J/Novi Sad olm/1990/}) (6. e5 $5) 6... b5
$1 {Immediately attacking white's center!} (6... d6 7. h3 b5 8. Nxb5 Nxe4 9.
O-O a6 10. Na3 Bb7 11. Bb3 Nd7 12. Nc4 a5 $15 {Roizen,N-Costescu,M/Bucharest
1993}) 7. Bxb5 (7. Nxb5 Nxe4 8. d6 $1 {[%cal Rc4d5]} a6 (8... Nc6 9. O-O Ba6 $5
10. Re1 Bxb5 11. Rxe4 Bxc4 12. Rxc4 Nd4 13. Bg5 $1 $14) 9. Qd5 Nc6 $8 10. Qxe4
axb5 11. dxe7 Qxe7 12. Qxe7 Nxe7 13. Bxb5 Ba6 $44 {Abramovic,B-Petronic,J/Novi
Sad 1995}) 7... Nxe4 8. Nxe4 Qa5+ 9. Nc3 (9. Nfd2 Qxb5 10. d6 Re8 $17) 9...
Bxc3+ 10. bxc3 Qxb5 11. Nd2 $5 {[%csl Rd5] Bringing the knight to e3 to
protect a weak pawn on d5.} (11. h4 Ba6 12. Bh6 Qb2 13. Bd2 d6 14. h5 Nd7 15.
Rh4 Rab8 $132 {Mah,K-Gershon,A/Menorca 1996}) (11. Be3 d6 12. h4 h5 13. Nh2 Qc4
14. g4 Qxc3+ 15. Kf1 Qc4+ 16. Kg1 Bb7 $19 {Krumpacnik,D-Khmelnitsky,I/Pula op/
1990}) 11... c4 12. Nf1 Re8 13. Ne3 (13. Bh6 Qb2 $5 (13... e5 14. dxe6 Qe5+ 15.
Ne3 Qxc3+ 16. Kf1 dxe6 17. h4 $44) 14. Ne3 Qxc3+ 15. Kf1 d6 16. h4 Nd7 17. h5
Rb8 $15) 13... d6 14. O-O $6 {Unfortunate decision. Much better was} (14. Qd4
$1 Bb7 15. a4 Qa5 16. h4 Nd7 17. h5 $36 {[%cal Gd4h4] with very dangerous
initiative}) 14... Nd7 15. Ng4 $6 {Giving up a pawn on d5 for no particular
reason!} (15. Qd4 $5) 15... Nb6 {[%csl Rd5]} 16. Nh6+ Kg7 17. Qf3 Qxd5 $17 18.
Qg3 Bf5 19. Re1 f6 20. Qh4 g5 21. Nxf5+ Qxf5 22. Qg3 e5 $1 (22... Qxc2 23. h4
h6 24. hxg5 hxg5 25. f4 $17) 23. h4 h6 24. Be3 Qxc2 25. Rad1 Rad8 (25... Red8
26. hxg5 hxg5 27. f4 exf4 28. Bxf4 $17) 26. Bxb6 axb6 27. Qe3 d5 $5 28. Qxb6
Qa4 (28... Qxc3 $6 29. Re3 Qc2 30. Qb7+ Kg8 31. Rxd5 $17) 29. hxg5 hxg5 30. Rd2
Rd7 31. Re3 (31. Red1 Red8 {[%cal Ga4a3,Ga3d6,Gd6e6]}) 31... Qa8 32. Rf3 Qd8
33. Qb1 Rh8 34. Qf5 Rd6 35. Rb2 Qc8 36. Qb1 (36. Qxc8 Rxc8 37. Re3 d4 $19)
36... e4 {Securing square g6 for the king.} 37. Re3 Kg6 38. Re1 Rd7 {[%cal
Gd7h7]} 39. f3 Qc5+ 40. Kf1 Re7 (40... Rh1+ 41. Ke2 Rxe1+ 42. Qxe1 Re7 43. Qb1
Kg7 $19) 41. Ke2 Rhe8 (41... Rh2 $5) 42. Rb5 Qd6 43. Kf1 g4 44. fxg4 (44. fxe4
dxe4 45. Qd1 $17) 44... Qf4+ 45. Kg1 Re5 46. Qd1 Rh8 47. Rxd5 Qh2+ 48. Kf1 Qf4+
49. Kg1 Qh2+ 50. Kf2 Qh4+ 51. Kf1 Qg3 52. Rxe5 (52. Kg1 Rxd5) 52... Rh1+ 53.
Ke2 Qxg2+ 54. Ke3 Qg3+ (54... Qg3+ 55. Kd2 Qd3+ 56. Kc1 Qxc3+ 57. Kb1 Rxe1 $19)
0-1

[Event "Schuhplattler Veterans-Ladies"]
[Site "Munich"]
[Date "2000.07.13"]
[Round "8"]
[White "Bouwmeester, Hans"]
[Black "Polgar, Sofia"]
[Result "1/2-1/2"]
[WhiteElo "2414"]
[BlackElo "2501"]
[Annotator "Finkel,A"]
[PlyCount "51"]
[EventDate "2000.07.04"]
[EventType "schev"]
[EventRounds "10"]
[EventCountry "GER"]
[SourceTitle "CBM 078"]
[Source "ChessBase"]
[SourceDate "2000.10.18"]
[SourceVersion "1"]
[SourceVersionDate "2000.10.18"]
[SourceQuality "1"]

1. d4 Nf6 2. Nf3 c5 3. d5 b5 4. Bg5 $5 Ne4 5. Bh4 Qb6 (5... Qa5+ 6. c3 $1 (6.
Nbd2 Bb7 (6... g6 7. c3 Nxd2 8. Nxd2 d6 9. e4 Bg7 10. a4 bxa4 11. Qxa4+ Qxa4
12. Rxa4 Bh6 13. Bd3 $14 {Ikonnikov,V-Popov,L/Berliner Sommer 1993}) 7. a4 Bxd5
8. axb5 Qb4 9. c4 Bb7 10. Qc2 Nxd2 11. Nxd2 g5 12. Ra4 Qxa4 13. Qxa4 gxh4 14.
e3 $16 {Yakovich,Y-Scetinin,A/Leeuwarden op 1995}) 6... b4 7. Qc2 bxc3 8. bxc3
Nd6 9. e4 g6 10. Nbd2 Ba6 11. Bxa6 Nxa6 $16 {Epishin,V-Martynov,P/Frunze/1989/
0,5/18/}) (5... Bb7 6. Qd3 Qa5+ 7. c3 f5 8. Nbd2 Na6 9. Nxe4 fxe4 10. Qxe4 Nc7
11. Qc2 Nxd5 $15 {Kanstler,B-Teske,H/Frunze 1989}) 6. Nbd2 f5 $6 {Extremly
risky and dubious continuation giving white a wide choice of ways to the
advantage.} (6... Nxd2 7. Nxd2 d6 8. e4 $14) 7. Nxe4 fxe4 8. Nd2 Qg6 (8... Qh6
9. Bg3 e3 $5 10. fxe3 d6 (10... Qxe3 11. a4 $1 b4 12. Bf2 Qe5 13. Nc4 Qe4 14.
Qd3 Qxd3 15. cxd3 d6 16. d4 $16) 11. e4 Nd7 12. e3 $5 (12. e5 $5 $13) (12. Nf3
$5 Nf6 13. Qd3 Rb8 $13) 12... Qxe3+ 13. Be2 Rb8 14. Bf2 Qh6 15. O-O $36 {
Nogueiras,J-Arencibia,W/Capablanca mem-A 1996}) 9. e3 c4 (9... Bb7 10. Bxb5 (
10. c4 $14) 10... Qxg2 11. Rf1 h5 12. Nc4 g5 13. Bg3 Bg7 14. Qd2 $16 {Ionov,
S-Gomez Jurado,L/Sevilla op 1993}) 10. a4 $1 {White plays the opening with a
lot of energy and manages to get the maximum out of the position.} e6 (10...
Bb7 11. axb5 Bxd5 12. Bg3 Qf7 13. Ra4 $18) 11. axb5 exd5 12. Nxc4 $1 $16 {
This move was probably overlooked by black,because now white's advantage
becomes nearly decisive.} Qe6 (12... dxc4 13. Qd5 Nc6 14. bxc6 Qxc6 15. Bxc4
$18) 13. Na5 (13. Qh5+ $5 g6 14. Qe5 Qxe5 15. Nxe5 Bg7 16. Bg3 Bb7 (16... d6
17. b6 a6 18. Bb5+ Kf8 19. Nc6 $18) 17. c3 d6 18. Nc6 Nxc6 19. bxc6 Bxc6 20.
Bxd6 $16) 13... a6 14. Nb3 (14. b6 $5 Bb4+ (14... Qxb6 15. Qxd5 Qxb2 $2 16.
Qxe4+ Kf7 17. Bc4+ $18) 15. c3 Bxa5 16. Rxa5 Bb7 17. Qb3 Nc6 18. Ra1 $16) 14...
Bb7 15. Bg3 $1 Be7 16. Bxb8 Rxb8 17. bxa6 $18 {White has two pawns for nothing
and seems that his win is just a matter of time,but that's not what happens in
the game,which is not so easy to understand!} Ba8 18. Be2 O-O 19. O-O Bd6 (
19... Bf6 20. Nd4 Qe5 21. b3 $18) 20. g3 Rf6 21. Nd4 Qe5 22. Bg4 $6 (22. Ra2 $1
{[%cal Gc2c3,Gb2b5]}) 22... Rxb2 23. Bxd7 Bc5 24. Bg4 g6 25. Nb3 Ba7 26. Ra5
$16 {In this position the draw was agreed.Frankly speaking I would undersand
it more if the black whould have resigned!} 1/2-1/2